Química general moderna: una introducción a la química física y a la química descriptiva superior: inorgánica, orgánica y bioquímica

Saved in:
Bibliografiske detaljer
Main Authors: Babor, Joseph A (Author), Ibarz Aznárez, José (Author)
Format: Bog
Sprog:spansk
Udgivet: Barcelona Marín 1962
Udgivelse:7a. ed
Fag:
Tags: Tilføj Tag
Ingen Tags, Vær først til at tagge denne postø!

MARC

LEADER 00000nam a2200000 a 4500
001 UCX0567
003 CL-VaPUC
008 891113e19620000SP |||||||||||||||||spa|d
082 0 4 |a 540  |b BAB  |2 21 
100 0 |a Babor, Joseph A  |e author  |9 315977 
700 |a Ibarz Aznárez, José  |e author  |9 360719 
245 1 0 |a Química general moderna: una introducción a la química física y a la química descriptiva superior: inorgánica, orgánica y bioquímica 
250 |a 7a. ed 
300 |a 1144 p 
942 |c BK 
945 |d 19891113 00:00:00 
260 |a Barcelona  |b Marín  |c 1962 
650 0 |a Química orgánica   |9 259426 
650 0 |a Química inorgánica  |9 260154 
583 |a last modification  |c 19891113 00:00:00  |k Rodrigo Vera 
999 |c 222124  |d 222122 
952 |0 0  |1 0  |4 0  |6 540_000000000000000_BAB_1962  |7 0  |8 A  |9 216402  |a BIBCUR  |b BIBCUR  |d 2019-11-15  |i 2850435  |o 540 BAB 1962  |p 2850435  |r 2025-04-22  |w 2019-11-15  |y BK  |k BCB